000 01000nas a2200289 4500
001 BR8500705
003 BR-BrBNA
005 20231205090118.0
007 ta
008 230509b bl.|||p| |||| 00| 00por d
040 _aBR-BrBNA
_bpor
_cBiblioteca Nacional de Agricultura
041 _a(Pt)
072 _aN20; P12; F00
100 1 _aLal, H.
100 1 _aSilva, A. de S.
100 1 _aPorto, E.R.
100 1 _aCosta, A.E.M. da
245 1 _aLamina-enleiradora a tracao animal e seu uso em novo sistema de captacao de agua de chuva in situ [sulcador, plantio]
246 1 _aAnimal drawn ridger-blade and its utilization in a new system for in situ rainwater harvest [plough, planting]
650 _aSULCADOR
650 _aCAPTACAO D'AGUA
650 _aPLANTIO
650 _aMAQUINA AGRICOLA
773 0 _tPesquisa Agropecuaria Brasileira (Brazil)
_xISSN 0100-204X
_g(Nov 1984), v. 19(11) p. 1385-1393
_wBR8500705
909 _a202311
_bLúcia
_c55
_dLúcia Elande
942 _2AGRIS
_n0
_cANA
999 _c116222
_d116222